书目信息 |
| 题名: |
终极魔王
|
|
| 作者: | 莱希 , LaHaye , 詹金斯 , Jenkins 著 ;杨立平 , 姜睿 , 张建立 译 | |
| 分册: | ||
| 出版信息: | 北京 中国工人出版社 2001.06 |
|
| 页数: | 370页 | |
| 开本: | 21cm | |
| 丛书名: | 末世谜踪小说系列 | |
| 单 册: | ||
| 中图分类: | I712.455 | |
| 科图分类: | ||
| 主题词: | 科学幻想小说--美国--现代 | |
| 电子资源: | ||
| ISBN: | 7-5008-2551-X | |
| 000 | 01339oam2 2200361 45 | |
| 001 | 012001000000 | |
| 005 | 20041207155128.26 | |
| 010 | @a7-5008-2551-X@dCNY 25.00 | |
| 100 | @a20011214d2001 em y0chiy0120 ea | |
| 101 | 1 | @achi@ceng |
| 102 | @aCN@b110000 | |
| 105 | @ay z 000ay | |
| 200 | 1 | @a终极魔王@AZhong Ji Mo Wang@dNicolae@f(美)蒂姆·莱希(Tim LaHaye), 杰里·詹金斯(Jerry B. Jenkins)著@F( Mei ) Di Mu· Lai Xi (Tim LaHaye), Jie Li· Zhan Jin Si (Jerry B. Jenkins) Zhu@g杨立平, 姜睿, 张建立译@zeng |
| 210 | @a北京@c中国工人出版社@d2001.06 | |
| 215 | @a370页@d21cm | |
| 225 | 2 | @a末世谜踪小说系列@v3 |
| 304 | @a本书责任说明取自版权页 | |
| 306 | @a本书由CCL授权在中国大陆出版及发行 | |
| 314 | @a蒂姆·莱希(Tim LaHaye),美国著名学者及家庭生活丛书作者,作品超过50本,已翻译为33种语言。 | |
| 314 | @a杰里·詹金斯(Jerry B. Jenkins),美国多产畅销书作家。 | |
| 410 | 0 | @12001 @a末世谜踪小说系列 |
| 510 | 1 | @aNicolae@zeng |
| 606 | 0 | @a科学幻想小说@y美国@z现代 |
| 690 | @aI712.455@v4 | |
| 701 | 1 | @a莱希@ALai Xi@bT.@4著 |
| 701 | 1 | @aLaHaye@bTim@4著 |
| 701 | 1 | @a詹金斯@AZhan Jin Si@bJ.B.@4著 |
| 701 | 1 | @aJenkins@bJerry B.@4著 |
| 702 | 0 | @a杨立平@AYang Li Ping@4译 |
| 702 | 0 | @a姜睿@AJiang Rui@4译 |
| 702 | 0 | @a张建立@AZhang Jian Li@4译 |
| 801 | 0 | @aCN@bCEPC@c20041207 |
| 905 | @a10447@dI712.455@eD457 | |
| 终极魔王=Nicolae/(美)蒂姆·莱希(Tim LaHaye), 杰里·詹金斯(Jerry B. Jenkins)著/杨立平, 姜睿, 张建立译.-北京:中国工人出版社,2001.06 |
| 370页;21cm.-(末世谜踪小说系列;3) |
| ISBN 7-5008-2551-X:CNY 25.00 |
| ● |
| 相关链接 |
|
|
|
正题名:终极魔王
索取号:I712.455/D457
 
预约/预借
| 序号 | 登录号 | 条形码 | 馆藏地/架位号 | 状态 | 备注 |
| 1 | 430858 | 204308588 | 社科二线400B/400B社科库 28排4列6层/ [索取号:I712.455/D457] | 在馆 | |
| 2 | 430859 | 204308597 | 文学库116/ [索取号:I712.455/D457] | 在馆 | |
| 3 | 430860 | 204308604 | 文学库116/ [索取号:I712.455/D457] | 在馆 |